Thermodynamics (Record no. 8344)

000 -LEADER
fixed length control field 00603nam a2200217 i 4500
001 - CONTROL NUMBER
control field 8344
003 - CONTROL NUMBER IDENTIFIER
control field BD-DhUET
008 - FIXED-LENGTH DATA ELEMENTS--GENERAL INFORMATION
fixed length control field 770308s1978 nyua b 001 0 eng
020 ## - INTERNATIONAL STANDARD BOOK NUMBER
International Standard Book Number 0023355301
040 ## - CATALOGING SOURCE
Original cataloging agency DLC
Transcribing agency DLC
Modifying agency BD-DhUET
082 ## - DEWEY DECIMAL CLASSIFICATION NUMBER
Classification number 621.01
Item number FAI/1970
100 ## - MAIN ENTRY--PERSONAL NAME
Personal name Faires, Virgil Moring
245 10 - TITLE STATEMENT
Title Thermodynamics
Statement of responsibility, etc. by Virgil Moring Faires and Clifford Max Simmang
250 ## - EDITION STATEMENT
Edition statement 6th ed.
260 ## - PUBLICATION, DISTRIBUTION, ETC. (IMPRINT)
Place of publication, distribution, etc. New York
Name of publisher, distributor, etc. Macmillan
Date of publication, distribution, etc. 1970
300 ## - PHYSICAL DESCRIPTION
Extent xxiii, 647 p.
Other physical details ill.
Dimensions 26 cm.
504 ## - BIBLIOGRAPHY, ETC. NOTE
Bibliography, etc Includes bibliographies
650 #0 - SUBJECT ADDED ENTRY--TOPICAL TERM
Topical term or geographic name as entry element Thermodynamics
700 ## - ADDED ENTRY--PERSONAL NAME
Personal name Simmang, Clifford Max
942 ## - ADDED ENTRY ELEMENTS (KOHA)
Koha item type General Book
Holdings
Source of classification or shelving scheme Location (home branch) Koha item type Koha date last seen Price effective from Not for loan Piece designation (barcode) Date acquired Withdrawn status Lost status Copy number Shelving location Damaged status Koha full call number Sublocation or collection (holding branch) Koha normalized classification for sorting
 Central Library, BUETGeneral Book2015-01-202015-01-20 429432015-01-20  1Circulation section 621.01/FAI/1978Central Library, BUET621_010000000000000_FAI_1978
 Central Library, BUETRental Item2024-12-112024-12-11 631351985-06-11  ৬/ক-১Rental section 621.01 FAI/1970Central Library, BUET621_010000000000000_FAI_1970
 Central Library, BUETRental Item2024-12-112024-12-11 631361985-06-11  ৬/ক-২Rental section 621.01 FAI/1970Central Library, BUET621_010000000000000_FAI_1970
 Central Library, BUETRental Item2024-12-112024-12-11 631371985-06-11  ৬/ক-৩Rental section 621.01 FAI/1970Central Library, BUET621_010000000000000_FAI_1970
 Central Library, BUETRental Item2024-12-112024-12-11 631381985-06-11  ৬/ক-৪Rental section 621.01 FAI/1970Central Library, BUET621_010000000000000_FAI_1970
 Central Library, BUETRental Item2024-12-112024-12-11 631391985-06-11  ৬/ক-৫Rental section 621.01 FAI/1970Central Library, BUET621_010000000000000_FAI_1970
 Central Library, BUETRental Item2024-12-112024-12-11 631401985-06-11  ৬/ক-৬Rental section 621.01 FAI/1970Central Library, BUET621_010000000000000_FAI_1970
 Central Library, BUETRental Item2024-12-112024-12-11 631411985-06-11  ৬/ক-৭Rental section 621.01 FAI/1970Central Library, BUET621_010000000000000_FAI_1970
 Central Library, BUETRental Item2024-12-112024-12-11 631421985-06-11  ৬/ক-৮Rental section 621.01 FAI/1970Central Library, BUET621_010000000000000_FAI_1970
 Central Library, BUETRental Item2024-12-112024-12-11 631431985-06-11  ৬/ক-৯Rental section 621.01 FAI/1970Central Library, BUET621_010000000000000_FAI_1970
 Central Library, BUETRental Item2024-12-112024-12-11 631441985-06-11  ৬/ক-১০Rental section 621.01 FAI/1970Central Library, BUET621_010000000000000_FAI_1970
 Central Library, BUETRental Item2024-12-112024-12-11 631451985-06-11  ৬/ক-১১Rental section 621.01 FAI/1970Central Library, BUET621_010000000000000_FAI_1970
 Central Library, BUETRental Item2024-12-112024-12-11 631461985-06-11  ৬/ক-১২Rental section 621.01 FAI/1970Central Library, BUET621_010000000000000_FAI_1970
 Central Library, BUETRental Item2024-12-112024-12-11 631471985-06-11  ৬/ক-১৩Rental section 621.01 FAI/1970Central Library, BUET621_010000000000000_FAI_1970
 Central Library, BUETRental Item2024-12-112024-12-11 631481985-06-11  ৬/ক-১৪Rental section 621.01 FAI/1970Central Library, BUET621_010000000000000_FAI_1970
 Central Library, BUETRental Item2024-12-112024-12-11 631491985-06-11  ৬/ক-১৫Rental section 621.01 FAI/1970Central Library, BUET621_010000000000000_FAI_1970
 Central Library, BUETRental Item2024-12-112024-12-11 631501985-06-11  ৬/ক-১৬Rental section 621.01 FAI/1970Central Library, BUET621_010000000000000_FAI_1970
 Central Library, BUETRental Item2024-12-112024-12-11 631511985-06-11  ৬/ক-১৭Rental section 621.01 FAI/1970Central Library, BUET621_010000000000000_FAI_1970
 Central Library, BUETRental Item2024-12-112024-12-11 631521985-06-11  ৬/ক-১৮Rental section 621.01 FAI/1970Central Library, BUET621_010000000000000_FAI_1970
 Central Library, BUETRental Item2024-12-112024-12-11 631531985-06-11  ৬/ক-১৯Rental section 621.01 FAI/1970Central Library, BUET621_010000000000000_FAI_1970
 Central Library, BUETRental Item2024-12-112024-12-11 631541985-06-11  ৬/ক-২০Rental section 621.01 FAI/1970Central Library, BUET621_010000000000000_FAI_1970